|
|
|
|
| LEADER |
00870cam a2200229 7i4500 |
| 001 |
0000003830 |
| 005 |
20170218090000.0 |
| 020 |
|
|
|a 0321108957 (pbk.)
|
| 020 |
|
|
|a 9780321108951
|
| 090 |
0 |
0 |
|a QA76.9.A25
|b S53 2003
|
| 100 |
1 |
|
|a Spitzner, Lance
|
| 245 |
1 |
0 |
|a Honeypots :
|b tracking hackers
|c Lance Spitzner.
|
| 260 |
|
|
|a Boston:
|b Addison-Wesley,
|c 2003.
|
| 300 |
|
|
|a xxvi, 452 p.:
|b ill.;
|c 24 cm..
|
| 501 |
|
|
|a With CD-ROM : Honeypots ; tracking hackers / Lance Spitzner
|
| 504 |
|
|
|a Includes bibliographical references and index
|
| 650 |
0 |
0 |
|a Computer hackers
|
| 650 |
0 |
0 |
|a Firewalls (Computer security)
|
| 650 |
0 |
0 |
|a Computer security
|
| 997 |
|
|
|a Communication, Visual Art & Computing, Faculty
|b Computing, Department
|
| 999 |
|
|
|a 0000004649
|b BOK
|c OPEN SHELF
|e 2nd Floor, Bestari Jaya
|
| 999 |
|
|
|a CDR0002187
|b CD-ROM
|c OPEN SHELF
|e Circulation Counter, Bestari Jaya
|